Quiz: Geografia Polski #1 - Statystyki

Ogólne statystyki
  • Ten quiz został rozwiązany 933 razy
  • Średni wynik to 9 z 20
Statystyki odpowiedzi
Zagadnienie Odpowiedź % Poprawnych
Drugie największe jezioro w Polsce nosi nazwę: Mamry
64%
Drugie największe miasto pod względem liczby ludności w województwie małopolskim nosi nazwę: Tarnów
64%
Z jakim państwem Polska ma najdłuższą granicę? Czechy
59%
Ile miast w Polsce ma ponad 500 tysięcy mieszkańców? 5
56%
Jakie miasto w Polsce jest najdalej wysunięte na południe? Zakopane
56%
Jaka miejscowość w Polsce jest najdalej wysunięta na północ? Jastrzębia Góra
54%
Najbliżej do Lwowa mamy z: Przemyśla
54%
Które z poniższych miast jest najbardziej wysunięte na zachód? Szczecin
51%
Najwyższa zarejestrowana temperatura w Polsce wynosiła: 40,2 °C
49%
Trzecią największą rzeką w Polsce jest: Warta
49%
Ile w Polsce jest przejść granicznych między Polską a krajami nie należącymi do strefy Schengen? 16
46%
Które z poniższych miast jest najbardziej wysunięte na wschód? Siedlce
46%
Park narodowy, powstały w 2001 roku nosi nazwę: PN "Ujście Warty"
44%
Najniższa zarejestrowana temperatura w Polsce wynosiła: −41,0 °C
33%
Ile dzielnic ma Warszawa? 18
31%
Ile kilometrów ma najkrótsza trasa między Warszawą a Berlinem? 573 km
31%
Ile w Polsce jest czynnych dworców kolejowych? 578
31%
Jaki obszar zajmuje Pustynia Błędowska ok. 30 km
18%
Ile kilometrów wynosi długość lądowej i morskiej granicy Polski? ok. 3500 km
18%
2 najstarsze Parki Narodowe w Polsce noszą nazwy: Białowieski i Pieniński
15%
Nie znaleziono quizów pasujących do podanych kryteriów
Rozkład punktacji
Procent ludzi z każdym wynikiem
Percentyl według liczby udzielonych odpowiedzi
Twoja historia wyników
Nie rozwiązałeś tego quizu